LEADER 00987nam a2200205 i 4500 001 000000235029 003 CaOOAMICUS 005 20141027000000.0 008 141027s1737 xx u000 u lat u 013 $a213932 026 $aa-o- 7.o- s-p- nalu (3) 1738 (R) 040 $aSeMil$bita 245 10$aLiber 4. et ultimus. Pars 1. 300 $aVXI [i.e. XVI], 484, XXXXVII [1] p. 500 $aSegn. : a-b4 A-3N4 3O6, 2A-F4. - Stemma calcogr. del dedicatario papa Clemente XII sul front. 650 4$aSanti - Canonizzazione.$0(OLS)http://semarc/subject/1571 773 0 $aBenedictus XIV $tServorum Dei beatificatione et beatorum canonizatione ... authore Prospero de Lambertinis ... liber 1. [-4., & ultimus].$dBononiae : Formis Longhi excursoris archiepiscopalis, 1734-1738.$g4$w()30823 850 $aSeMil 852 $aSeMil$W1$xVenegono$y1$m2I VI 33 FA$j185375$B185375$CSeMilBibl$Z2$F196249 $8I 996 $6245$aLiber 4. et ultimus. Pars 1$9(OLS)http://semarc/title/335204 LEADER 01153nam a2200217 i 4500 001 000000031769 003 CaOOAMICUS 005 20180830125449.0 008 180830s1798 it u000 u ita u 040 $aSeMil$bita 245 10$aConfutazione dell'Esame del cristianesimo fatto dal signor Eduardo Gibbon nella sua Storia della decadenza dell'impero romano. Opera di Nicola Spedalieri ... Parte 1. [-2.]. 260 $aPiacenza :$bPresso Niccolò Orcesi,$c1798. 300 $a2 v. ;$c4°. 500 $aFregio xilogr. sui front. - Testo su due colonne. 700 1 $aGibbon, Edward,$d<1737-1794>.$0(OLS)http://semarc/name/5566 700 1 $aSpedalieri, Nicola,$d<1740-1795>.$0(OLS)http://semarc/name/8444 700 1 $aOrcesi, Niccolò,$c.$0(OLS)http://semarc/name/7749 774 0 $tParte 1.$g1$w()240939 774 0 $tParte 2.$g2$w()240940 996 $6245$aConfutazione dell'Esame del cristianesimo fatto dal signor Eduardo Gibbon nella sua Storia della decadenza dell'impero romano. Opera di Nicola Spedalieri ... Parte 1. [-2.]$9(OLS)http://semarc/title/43098 996 $6260$aPiacenza :$bPresso Niccolò Orcesi$9(OLS)http://semarc/publisher/34517